| 000 | 00500nam a2200181 i 4500 | ||
|---|---|---|---|
| 001 | bg | ||
| 100 | 1 | _aAJZERMAN, Mark | |
| 245 | 1 | 0 |
_aRozpoznawanie obrazów : _bmetoda funkcji potencjalnych. |
| 260 |
_aWarszawa : _bWydawnictwa Naukowo-Techniczne, _c1976. |
||
| 650 | 9 |
_aRozpoznawanie obrazów _xmetody |
|
| 700 | 1 | _aBRAVERMAN, Emmanuil | |
| 700 | 1 | _aROZONOER, Lev | |
| 040 | _cBPK | ||
| 041 | 1 |
_apol _hrus |
|
| 080 | _a004.932:519.2 | ||
| 942 | _cKS | ||
| 008 | s pl f |000 0 pol | ||
| 999 |
_c35567 _d35567 |
||
| 856 |
_uhttp://koha.tu.koszalin.pl/cgi-bin/koha/opac-detail.pl?biblionumber=35567 _yKatalog online BPK |
||